Movies Quiz

Random Movies or Clickable Quiz

Teen Movie Match-Up Quiz Stats

Quiz Updated Jun 2, 2015

Challenge
Share
Tweet
Embed
Score 0/25 Timer 05:00
9 Plays Today
% Correct
Twilight
97.7%
The Breakfast Club
95.3%
Juno
89.7%
Mean Girls
89.2%
The Fault in Our Stars
87.7%
Dirty Dancing
83.6%
American Pie
82.2%
Clueless
82.1%
Weird Science
82.1%
Hairspray
80.2%
Easy A
77.7%
Carrie
77.7%
High School Musical
75.2%
% Correct
Bill & Ted's Excellent Adventure
73.4%
River's Edge
70.7%
The Outsiders
68.5%
The Faculty
68.2%
Red Dawn
67.9%
Superbad
67.4%
Pretty in Pink
60.6%
The Lost Boys
59.9%
The Sure Thing
55.9%
Porky's
55.8%
The Way, Way Back
46.7%
Kes
46.1%

You're not logged in!

Compare scores with friends on all Sporcle quizzes.
Join for Free
OR
Log In

You Might Also Like...

Show Comments

Extras

Top Quizzes Today


Score Distribution

Your Account Isn't Verified!

In order to create a playlist on Sporcle, you need to verify the email address you used during registration. Go to your Sporcle Settings to finish the process.

Report this User

Report this user for behavior that violates our Community Guidelines.

Details: